Retronyms Click Quiz - Statistics

General Stats
  • This quiz has been taken 12 times
  • The average score is 9 of 30
Answer Stats
Hint Answer % Correct
____ guitar acoustic
75%
____ radio AM
75%
____ mower push
75%
____ mail snail
75%
____ watch analog
50%
____ TV black-and-white
50%
____ carriage horse-drawn
50%
____ light incandescent
50%
____ farming organic
50%
____ diaper cloth
25%
____ oven conventional
25%
____ computer desktop
25%
____ camera film
25%
____ bicycle fixed-gear
25%
____ saw hand
25%
____ phone landline
25%
____ transmission manual
25%
____ engine steam
25%
____ razor straight
25%
____ headphones wired
25%
____ stove wood-burning
25%
____ soap bar
0%
____ rock classic
0%
____ toilet composting
0%
____ milk dairy
0%
____ music live
0%
____ keyboard mechanical
0%
____ ticket paper
0%
____ book physical
0%
____ film silent
0%
No matching quizzes found
Score Distribution
Percent of People with Each Score
Percentile by Number Answered
Your Score History
You have not taken this quiz